Des intellectuels jugent les medias. (Record no. 88581)

MARC details
000 -LEADER
campo de control de longitud fija 00751cam a2200265Mi 4500
001 - NÚMERO DE CONTROL
campo de control 98081
005 - FECHA Y HORA DE LA ÚLTIMA TRANSACCIÓN
campo de control 20230410132831.0
008 - DATOS DE LONGITUD FIJA--INFORMACIÓN GENERAL
campo de control de longitud fija 101216s2010 fr 000 0 fre d
035 ## - NÚMERO DE CONTROL DEL SISTEMA
Número de control de sistema (OCoLC)ocn709960778
040 ## - FUENTE DE CATALOGACIÓN
Centro catalogador/agencia de origen FrPJT
Lengua de catalogación eng
Centro/agencia transcriptor N15
020 ## - NÚMERO INTERNACIONAL ESTÁNDAR DEL LIBRO
Número Internacional Estándar del Libro 9782918414414
020 ## - NÚMERO INTERNACIONAL ESTÁNDAR DEL LIBRO
Número Internacional Estándar del Libro 2918414417
035 ## - NÚMERO DE CONTROL DEL SISTEMA
Número de control de sistema (OCoLC)709960778
072 #7 - CÓDIGO DE CATEGORÍA DE MATERIA
Código de categoría de materia B
Fuente lcco
082 14 - NÚMERO DE LA CLASIFICACIÓN DECIMAL DEWEY
Número de clasificación 194
Número de edición 1
049 ## - FONDOS LOCALES (OCLC)
Biblioteca depositaria GRAL
050 14 - SIGNATURA TOPOGRÁFICA DE LA BIBLIOTECA DEL CONGRESO
Número de clasificación 1erAPT1erB758d 2010
245 00 - MENCIÓN DEL TÍTULO
Título Des intellectuels jugent les medias.
Número de parte o sección de la obra Tome 1 /
Mención de responsabilidad, etc. [Daniel Bougnoux, Andre Comte-Sponville, Regis Debray... et al.].
260 ## - PUBLICACIÓN, DISTRIBUCIÓN, ETC.
Lugar de publicación, distribución, etc. Paris :
Nombre del editor, distribuidor, etc. Mordicus,
Fecha de publicación, distribución, etc. 2010.
300 ## - DESCRIPCIÓN FÍSICA
Extensión 105 p.
653 ## - TÉRMINO DE INDIZACIÓN--NO CONTROLADO
Término no controlado Philosophy - French intellectuals - Media - 21st century.
942 ## - ELEMENTOS DE ENTRADA SECUNDARIOS (KOHA)
Fuente del sistema de clasificación o colocación Clasificación de Library of Congress
994 ## -
-- C0
-- DRFGD
946 ## - PROCESAMIENTO DE INFORMACIÓN LOCAL (OCLC)
a nc
Holdings
Estatus retirado Estado de pérdida Fuente del sistema de clasificación o colocación Estado de daño No para préstamo Colección Biblioteca de origen Biblioteca actual Ubicación en estantería Fecha de adquisición Signatura topográfica completa Código de barras Visto por última vez Copia número Tipo de ítem Koha
    Clasificación de Library of Congress     Automatización y Procesos Técnicos Biblioteca Juan Bosch Biblioteca Juan Bosch Automatización y Procesos Técnicos (1er. Piso) 10/04/2023 B758d 2010 00000089615 17/11/2018 1